00541nam a22001937a 450000500170000001000130001702000100003003500130004003700160005304000120006908200130008110000210009424500630011526000480017827000630022630000200028965000150030965000230032420170124105937.0 aA-541033 c25.00 aA-541033 bCen Lib/Ret aDPLbEN a230bBAL aBalakrishnan, S. aWorship of deities in hindu religion /cby S. Balakrishnan aNew DelhibPiyush printers publishersc1991 aG-12,Udyog nagar Rohtak road indl. areabNew Delhie110041 a89p. c17cm(Hb) aHindu gods aWorship (Hinduism)